02240nam a22002297a 4500999001700000020001800017082001900035245012200054250000800176260003700184300001400221440003900235500001900274504004000293520136700333546001301700650008301713700003201796700003601828942001201864952013401876 c37289d37289 a9781138255616 a304.80954bIND aIndian Transnationalism Online :bnew perspectives on diaspora /cedited by Ajaya Kumar Sahoo, Johannes G. de Kruijf. a1st aNew York : bRoutledge ,c2014 . axx. p.208 aStudies in migration and diaspora/ aIncludes Index aIncludes Bibliographical References aPresent-day migration takes place in a world characterized by the compression of time and space, with cheaper air travel and the existence of new communication technologies - the internet in particular - making it easier to stay in contact with the places, people and cultures that one has left. This book investigates the online organization of, and exchanges within, the global Indian diaspora. Bringing together research from around the world and presenting studies drawn from the US, Europe and India, it engages with theoretical and methodological debates concerning the shaping and transformation of migrant culture in emerging sites of sociality, and explores issues such as religion, citizenship, nationalism, region and caste as they relate to Indian identity in global, transnational contexts. With detailed empirical case studies showing both how members of the Indian diaspora connect with one other and ’life at home’ and how institutions in India maintain such links, Indian Transnationalism Online sheds light on the ways in which information and communication technology functions as both a catalyst and indicator of contemporary socio-cultural change. As such it will be of interest to sociologists, anthropologists, political scientists and studies of cultural studies working in the areas of migration, transnationalism and ethnic studies. aEnglish. aTransnationalism.vInternet and immigrants. xInternet--Social aspects.zIndia aSahoo, Ajay Kumar. eeditor aKruijf, Johannes G. De.eeditor 2ddccBK 00104070aNASSDOCbNASSDOCcCARTd2022-11-30e7g3363.09l0o304.80954 INDp52534r2022-11-30 00:00:00v4606.98w2022-11-30yBK